| 000 | 00765nam a22002177a 4500 | ||
|---|---|---|---|
| 999 |
_c11280 _d11280 |
||
| 003 | AR-CdUCM | ||
| 008 | 190403b ||||| |||| 00| 0 spa d | ||
| 040 |
_aMUNICIPALIDAD PROVINCIAL DEL CUSCO _cBIBLIOTECA MUNICIPAL DEL CUSCO |
||
| 082 |
_aEP / 372.985 / _bC28 |
||
| 100 |
_aCasimiro Urcos, Consuelo N. _928572 |
||
| 245 |
_aCuaderno de trabajo caminante : _bCiencias históricos sociales, ciencias naturales / |
||
| 260 |
_aLima : _bEscuela Nueva, |
||
| 300 |
_a130 paginas ; _c28 cm. |
||
| 505 | _aContenido :Ciencias históricos sociales, ciencias naturales. | ||
| 650 |
_aEducación _9460 |
||
| 650 |
_aCuaderno de trabajo creativo _928552 |
||
| 650 |
_aTexto escolar _92070 |
||
| 700 |
_aVega Porras, Pablo _928573 |
||
| 942 |
_2ddc _cLIBROS |
||
| 945 | _arum | ||